00561nam a2200181Ia 450000500170000000800410001702000150005808200170007310000150009024500680010526000500017330000120022365000110023565000130024694200060025995200990026599900150036420240729013815.0240331s9999 xx 000 0 und d a9559102583 bUYAa172.954 aUyangoda,J 0aConflict, Nagotiation, Mediation and Peace cjayadeva uyangoda a ColombobSocial Scientists Associationc2006 a45 p ., aSocial apolitics cL 001040708LaWERCLbWERCLcSSCd2024-03-31l0o 172.954 UYAp6769r2024-03-31w2024-03-31yL c5781d5781